Представление документа в формате MARC21

Поле Инд. ПП Название Значение
Тип записи a
Библиографический уровень m
001 Контрольный номер 1125aaf0-9501-45b0-a5e4-30ef82ab328f
005 Дата корректировки 20140227032527.2
008 Кодируемые данные 041018
040 a Служба первич. каталог. НБ ТвГУ
041 a Код языка текста rus
084 a Индекс другой классификации/Индекс ББК В126я73-1
a Индекс другой классификации/Индекс ББК В161.0я73-1
090 x Авторский знак В24
a Полочн. индекс В126
245 10 a Заглавие Введение в анализ (элементы теории множеств, действительные числа)
b Продолж. заглавия метод. разраб. для студентов 1 курса
c Ответственность М-во высш. и сред. спец. образования РСФСР, Калинин. гос. ун-т, Каф. мат. методов физики ; сост. В. А. Левашов
260 0_ a Место издания Калинин
b Издательство КГУ
c Дата издания 1989
300 a Объем 31, [1] с.
b Иллюстрации/ тип воспроизводства ил.
700 1_ a Другие авторы Левашов Владимир Алексеевич
e Роль лиц сост.
852 t Порядковый номер экземпляра 2
q Физ. особенности экз. к
p Инвентарный номер 598393
p Инвентарный номер 598394
863 t 00032002
863 t 00032003
954 a Дата поступления на обработку 20051220
999 a Подразделение 2 Фил3